[Event "38th Olympiad"]
[Site "Dresden GER"]
[Date "2008.11.17"]
[Round "5"]
[White "Markos,J"]
[Black "Mchedlishvili,M"]
[Result "1/2-1/2"]
[WhiteElo "2557"]
[BlackElo "2615"]
[EventDate "2008.11.13"]

1. d4 d5 2. c4 e6 3. Nc3 Bb4 4. cxd5 exd5 5. Bf4 c5 6. e3 Qa5 7. Nge2 Nf6
8. dxc5 Bxc5 9. Be5 Nbd7 10. Bd4 O-O 11. Nf4 Re8 12. Be2 Ne5 13. O-O Bxd4
14. Qxd4 Nc6 15. Qd3 Be6 16. Rfd1 Rad8 17. Qb5 Qxb5 18. Bxb5 g5 19. Nfe2
Rc8 20. Rac1 Red8 21. Bxc6 Rxc6 22. f3 Rdc8 23. Kf2 Kf8 24. Rd4 Rc4 25. h4
h6 26. g4 Ke7 27. Rh1 Rg8 28. hxg5 hxg5 29. Rdd1 Rcc8 30. Nd4 Rh8 31. Nce2
Nd7 32. Rxh8 Rxh8 33. Rc1 Kd8 34. Kg2 a6 35. Nxe6+ fxe6 36. Nd4 Rh6 37. Kg3
e5 38. Nf5 Rh7 39. Nd6 Nf6 40. f4 exf4+ 41. exf4 gxf4+ 42. Kxf4 Rh2 43. g5
Kd7 44. Nxb7 Rf2+ 45. Ke5 Ng4+ 46. Kxd5 Rxb2 47. Nc5+ Ke7 48. a4 a5 49. Rg1
Ne3+ 50. Ke4 Nc4 51. g6 Rb8 52. Kd4 Nb6 53. Rf1 Rd8+ 54. Ke4 Rd6 55. Rf7+
Ke8 56. Rg7 Kf8 57. Rb7 Nxa4 58. Nxa4 Rxg6 59. Nc5 Rg1 60. Ke5 Re1+ 61. Ne4
a4 62. Ra7 a3 63. Rxa3 Kf7 64. Ra7+ Kg6 65. Ra2 Kf7 66. Rf2+ Ke7 67. Rh2
Kd7 68. Rh6 Kc7 69. Re6 Kd7 70. Rd6+ Kc7 71. Rd4 Kc6 72. Rc4+ Kd7 73. Kd5
Rd1+ 74. Rd4 1/2-1/2

[Event "38th Olympiad"]
[Site "Dresden GER"]
[Date "2008.11.17"]
[Round "5"]
[White "Meier,Geo"]
[Black "Felgaer,R"]
[Result "1-0"]
[WhiteElo "2558"]
[BlackElo "2591"]
[EventDate "2008.11.13"]

1. d4 d5 2. c4 c6 3. Nf3 Nf6 4. e3 Bf5 5. Nc3 e6 6. Nh4 Bg6 7. Nxg6 hxg6 8.
Bd2 Nbd7 9. Rc1 Bd6 10. g3 O-O 11. Qc2 Re8 12. Be2 Rc8 13. O-O e5 14. dxe5
Bxe5 15. cxd5 cxd5 16. Bf3 Qb6 17. Qb3 Qxb3 18. axb3 d4 19. Nb5 d3 20. Bc3
a6 21. Nd4 Nc5 22. Rcd1 Nfe4 23. b4 Bxd4 24. exd4 Na4 25. Rxd3 Nexc3 26.
bxc3 b5 27. Rc1 Red8 28. h4 Rc7 29. d5 Rd6 30. Kf1 Kf8 31. Ke2 Nb2 32. Rd4
Re7+ 33. Kd2 Nc4+ 34. Kc2 Rf6 35. Rf4 Rd6 36. Ra1 Ne5 37. Be4 Nc4 38. g4
Ke8 39. g5 Kf8 40. Kd3 Rc7 41. Ra2 Ne5+ 42. Kd4 Nd7 43. Ra3 Rc4+ 44. Ke3
Ne5 45. Bg2 Rc7 46. Ke2 Nc4 47. Ra2 Ne5 48. Kd2 Nc4+ 49. Kc2 Re7 50. Kd1
Red7 51. Rd4 Rd8 52. Kc2 Re8 53. Re4 Red8 54. Re1 Rb8 55. Kb3 Rc8 56. Kc2
Rb8 57. Rea1 Re8 58. Kd3 Ra8 59. Kd4 Ra7 60. Bf3 Ke7 61. Be4 Kd7 62. Bd3
Ra8 63. Bxc4 bxc4 64. b5 1-0

[Event "38th Olympiad"]
[Site "Dresden GER"]
[Date "2008.11.17"]
[Round "5"]
[White "Bindrich,F"]
[Black "Flores,Di"]
[Result "1/2-1/2"]
[WhiteElo "2517"]
[BlackElo "2569"]
[EventDate "2008.11.13"]

1. e4 d6 2. d4 Nf6 3. Nc3 g6 4. Nf3 Bg7 5. Be2 O-O 6. O-O c6 7. Re1 Nbd7 8.
Bf4 Qb6 9. Rb1 e5 10. dxe5 dxe5 11. Be3 Qc7 12. h3 b5 13. Nd2 Rd8 14. Qc1
Bb7 15. a4 a6 16. b4 Bf8 17. Qb2 Be7 18. Bd3 Nh5 19. axb5 axb5 20. Nf3 Ng7
21. Ra1 Ne6 22. Rxa8 Rxa8 23. Rb1 Bf6 24. Ne2 Nb6 25. Qb3 Bc8 26. Rd1 Nf8
27. Ng5 Ne6 28. h4 Nxg5 29. hxg5 Be6 30. Qc3 Na4 31. Qd2 Be7 32. Rb1 Nb6
33. Nc3 Rd8 34. Qe2 Nc4 35. Bxc4 Bxc4 36. Qf3 Ra8 37. Qg3 Ra3 38. Bc1 Ra8
39. Nd1 Be6 40. Bb2 Bd6 41. Ra1 Rxa1 42. Bxa1 Bxb4 43. Bxe5 Qd8 44. Ne3 Be7
45. f4 Bc5 46. Kh2 Qd2 47. Ng4 Qd1 48. f5 gxf5 49. Nf6+ Kf8 50. Bd4 Qxd4
51. Qb8+ Ke7 52. Qe8+ Kd6 53. Qb8+ Ke7 54. Qe8+ 1/2-1/2

[Event "38th Olympiad"]
[Site "Dresden GER"]
[Date "2008.11.17"]
[Round "5"]
[White "Campora,D"]
[Black "Bogner,S"]
[Result "0-1"]
[WhiteElo "2537"]
[BlackElo "2448"]
[EventDate "2008.11.13"]

1. e4 c5 2. Nf3 d6 3. d4 Nf6 4. Nc3 cxd4 5. Nxd4 a6 6. Bd3 g6 7. O-O Bg7 8.
h3 O-O 9. Be3 b5 10. a3 Bb7 11. Qd2 Re8 12. f4 Nbd7 13. Nde2 e5 14. Ng3
exf4 15. Bxf4 Rc8 16. Rae1 Nc5 17. Kh1 d5 18. e5 Nfd7 19. Bf5 d4 20. Nce4
Bxe4 21. Bxd7 Bxg2+ 22. Qxg2 Qxd7 23. Kh2 Qc6 24. Rf3 Ne6 25. Bd2 Qxc2 26.
Ne4 Bxe5+ 27. Kh1 Qc6 28. b4 Bg7 29. Kg1 f5 30. Nf2 Nf8 31. Nd3 Rxe1+ 32.
Bxe1 Re8 33. Bd2 Nd7 0-1

[Event "38th Olympiad"]
[Site "Dresden GER"]
[Date "2008.11.17"]
[Round "5"]
[White "Uribe,M"]
[Black "Babula,V"]
[Result "1/2-1/2"]
[WhiteElo "2414"]
[BlackElo "2608"]
[EventDate "2008.11.13"]

1. e4 c5 2. Nf3 d6 3. d4 cxd4 4. Nxd4 Nf6 5. Nc3 a6 6. Be2 e5 7. Nb3 Be7 8.
O-O Be6 9. Be3 Nbd7 10. a4 Rc8 11. Qd2 Nb6 12. a5 Nc4 13. Bxc4 Rxc4 14. Bb6
Qc8 15. f3 O-O 16. Nc1 Qc6 17. Rd1 Rc8 18. N1e2 h6 19. Kh1 Qe8 20. Rac1 Nd7
21. Be3 Qd8 22. b3 R4c6 23. Nd5 Bg5 24. Bxg5 hxg5 25. c4 Bxd5 26. exd5 Rc5
27. Ra1 f5 28. g4 f4 29. Qb4 Rb8 30. Nc3 Nf6 31. Re1 b6 32. axb6 Rxb6 33.
Qa3 Qb8 34. Rab1 Rc7 35. Na4 Rb4 36. Nc3 Rcb7 37. Nb5 R7xb5 38. cxb5 Qxb5
39. Qc1 Qxd5 40. Qc8+ Kf7 41. Rf1 e4 42. Qxa6 exf3 43. Rbd1 Qe4 44. Rde1
Qb7 45. Qxb7+ Rxb7 46. Rxf3 Nxg4 47. h3 Ne5 48. Rc3 Kf6 49. Rb1 Rb4 50. Ra1
Rd4 51. Rb1 Rb4 52. Ra1 Kf5 53. Ra4 Rb6 54. b4 g4 55. hxg4+ Kxg4 56. Rb3 d5
57. b5 Rh6+ 58. Kg2 Nc4 59. Ra6 Rh8 60. Rg6+ Kf5 61. Rxg7 Rb8 62. Rf7+ Ke5
63. b6 Rxb6 1/2-1/2

[Event "38th Olympiad"]
[Site "Dresden GER"]
[Date "2008.11.17"]
[Round "5"]
[White "Steel,H"]
[Black "Jeitz,C"]
[Result "1-0"]
[WhiteElo "2280"]
[BlackElo "2251"]
[EventDate "2008.11.13"]

1. e4 c5 2. Nf3 Nc6 3. d4 cxd4 4. Nxd4 Nf6 5. Nc3 e6 6. Be2 Bb4 7. O-O Bxc3
8. bxc3 Nxe4 9. Qd3 d5 10. Ba3 Nxd4 11. Qxd4 f6 12. c4 Qa5 13. cxd5 exd5
14. Bb4 Qb6 15. Qxd5 Qxb4 16. Rad1 Nd6 17. Rfe1 Kf8 18. Rb1 Qf4 19. Bh5 g6
20. g3 Qg5 21. Qxd6+ Kg7 22. h4 Qxh5 23. Re7+ Kh6 24. Qf4+ g5 25. Qxf6+ Qg6
26. hxg5+ Kh5 27. Qf3+ Bg4 28. Qh1+ Kxg5 29. Qh4+ 1-0

[Event "38th Olympiad"]
[Site "Dresden GER"]
[Date "2008.11.17"]
[Round "5"]
[White "Jones,Ri"]
[Black "Amir,K"]
[Result "1/2-1/2"]
[WhiteElo "2075"]
[BlackElo "2265"]
[EventDate "2008.11.13"]

1. e4 c5 2. Nf3 Nc6 3. d4 cxd4 4. Nxd4 Nf6 5. Nc3 e5 6. Ndb5 d6 7. Bg5 a6
8. Na3 b5 9. Bxf6 gxf6 10. Nd5 Bg7 11. Bd3 Ne7 12. Nxe7 Qxe7 13. O-O O-O
14. c4 f5 15. Qf3 bxc4 16. Nxc4 d5 17. exd5 e4 18. Qe3 Bb7 19. d6 Qf6 20.
Bc2 Rac8 21. b3 f4 22. Qh3 Qg5 23. d7 Rc6 24. Bxe4 Rh6 25. Qf5 Qh4 26. h3
Rh5 27. Qg4 Bxe4 28. Qxh4 Rxh4 29. Rad1 Bf6 30. Rfe1 Bf5 31. Re8 Bd8 32.
Rd6 f6 33. Rd5 Bg6 34. Nd6 Rh5 35. Rd1 Re5 36. Rxd8 Rxd8 37. Nb7 Rxd7 38.
Rxd7 Re1+ 39. Kh2 Re2 40. f3 Rxa2 41. Nc5 a5 42. Ra7 Bh5 43. Kg1 Bf7 44.
Rb7 Ra1+ 45. Kh2 Bd5 46. Rd7 Bf7 47. Rd4 Rc1 48. Nb7 Ra1 49. Nc5 Rc1 50.
Nb7 Ra1 51. Rd3 Kg7 52. Rc3 Ra3 53. Rc5 Rxb3 54. Nxa5 Rb4 55. Nc6 Rc4 56.
Rxc4 Bxc4 57. Nd4 Kg6 58. h4 Kh5 59. Kh3 Ba6 60. g4+ fxg3 61. Kxg3 Kg6 62.
Nc2 f5 1/2-1/2

[Event "38th Olympiad"]
[Site "Dresden GER"]
[Date "2008.11.17"]
[Round "5"]
[White "Elbaruni,M"]
[Black "Hatanbaatar,B"]
[Result "0-1"]
[WhiteElo "2072"]
[BlackElo "2375"]
[EventDate "2008.11.13"]

1. d4 d5 2. Nf3 Nf6 3. c4 c6 4. Nc3 a6 5. c5 Nbd7 6. Bf4 Nh5 7. e3 g6 8.
Bd3 Bg7 9. h3 Nxf4 10. exf4 b6 11. Qa4 Qc7 12. cxb6 Qxb6 13. O-O O-O 14.
Rab1 e6 15. Rfc1 c5 16. Ne2 Rd8 17. a3 Bb7 18. Ne5 Nxe5 19. fxe5 c4 20. Bc2
Bh6 21. f4 Bxf4 22. Nxf4 Qxd4+ 23. Kh1 Qxf4 24. Qb4 Rab8 25. Qe7 Qxe5 26.
Rf1 Rf8 27. Qh4 Bc6 28. Rbe1 Qxb2 29. Rf2 Qg7 30. Qe7 d4 31. Ref1 d3 32.
Bd1 c3 0-1

[Event "38th Olympiad"]
[Site "Dresden GER"]
[Date "2008.11.17"]
[Round "5"]
[White "Oyunbaatar,T"]
[Black "Chahrani,I"]
[Result "1-0"]
[WhiteElo "2306"]
[BlackElo "2314"]
[EventDate "2008.11.13"]

1. d4 d5 2. c4 e6 3. Nc3 c6 4. e3 f5 5. Nf3 Nf6 6. Qc2 Bd6 7. Bd3 O-O 8.
cxd5 Nxd5 9. a3 Nd7 10. O-O Qe8 11. b4 Qh5 12. Bb2 Rf6 13. Be2 Rh6 14. g3
Qh3 15. Nxd5 exd5 16. Rfc1 Nf6 17. Bf1 Qh5 18. Bg2 g5 19. b5 cxb5 20. Qb3
a6 21. Rc5 f4 22. Rxd5 Be6 23. Rxg5+ Qxg5 24. Qxe6+ 1-0

[Event "38th Olympiad"]
[Site "Dresden GER"]
[Date "2008.11.17"]
[Round "5"]
[White "Chandler,M"]
[Black "Salem,AR"]
[Result "1/2-1/2"]
[WhiteElo "2515"]
[BlackElo "2476"]
[EventDate "2008.11.13"]

1. e4 c6 2. d4 d5 3. exd5 cxd5 4. c4 Nf6 5. Nc3 Nc6 6. Bg5 Be6 7. Bxf6 gxf6
8. c5 Qd7 9. Bb5 Rg8 10. g3 Bg4 11. f3 Bh5 12. Qd2 O-O-O 13. O-O-O e5 14.
Kb1 exd4 15. Nce2 Bg6+ 16. Ka1 d3 17. Nf4 Bxc5 18. Nxd3 Bb6 19. Ne2 Kb8 20.
Nef4 Qd6 21. Bxc6 bxc6 22. Rhe1 Rge8 23. a3 Kb7 24. Rc1 Rxe1 25. Rxe1 c5
26. Qe2 Rd7 27. Nc1 c4 28. Na2 a5 29. Rd1 Qc6 30. Nc3 d4 31. Ne4 d3 32. Qe1
Bxe4 33. fxe4 Re7 34. Nd5 Re6 35. Rc1 f5 36. Nxb6 Kxb6 37. Qf2+ Qc5 38. Qf4
fxe4 39. Qb8+ Kc6 40. Qc8+ Kd5 41. Qd7+ Ke5 42. Qxf7 Rf6 43. Qe8+ Re6 44.
Qf7 Rf6 45. Qe8+ Re6 46. Qf7 Rf6 47. Qg7 h6 48. Rf1 Qf8 1/2-1/2

[Event "38th Olympiad"]
[Site "Dresden GER"]
[Date "2008.11.17"]
[Round "5"]
[White "Nokes,R"]
[Black "Othman,A"]
[Result "1-0"]
[WhiteElo "2293"]
[BlackElo "2336"]
[EventDate "2008.11.13"]

1. e4 d6 2. d4 g6 3. Nc3 Bg7 4. h3 Nc6 5. Be3 e5 6. d5 Nce7 7. g4 f5 8. f3
Nf6 9. Qd2 a6 10. Bg2 O-O 11. Nge2 Kh8 12. O-O-O b5 13. a3 Bd7 14. Kb1 a5
15. Nc1 b4 16. axb4 axb4 17. N3a2 Ra4 18. c4 bxc3 19. Nxc3 Rb4 20. N1a2 Rb7
21. Qd3 Qb8 22. Rd2 c6 23. Qe2 cxd5 24. exd5 Rb3 25. Rhd1 Rc8 26. Ka1 Qa8
27. Bg5 Rbxc3 28. bxc3 Ba4 29. Rc1 Nexd5 30. Kb1 Bb3 31. Rb2 Rb8 32. Ka1
Nd7 33. Be3 Qa3 34. Bf1 f4 35. Bf2 Bxa2 36. Rxb8+ Nxb8 37. Qb2 Qxb2+ 38.
Kxb2 e4 39. fxe4 Nxc3 40. Rxc3 Be6 41. Kc2 Bxc3 42. Kxc3 Nd7 43. Bh4 Kg7
44. Be7 Nf6 45. Kd4 d5 46. Ke5 Ng8 47. Kxe6 Nxe7 48. exd5 Kf8 49. Bb5 Nxd5
50. Kxd5 g5 51. Ke5 Kg7 52. Kf5 h6 53. Bc4 f3 54. Ke4 f2 55. Kf3 Kf6 56.
Kxf2 h5 57. Ke3 Ke5 58. Bb3 1-0

[Event "38th Olympiad"]
[Site "Dresden GER"]
[Date "2008.11.17"]
[Round "5"]
[White "AlHuwar,J"]
[Black "Lukey,S"]
[Result "0-1"]
[WhiteElo "2230"]
[BlackElo "2271"]
[EventDate "2008.11.13"]

1. Nf3 Nf6 2. g3 g6 3. b3 Bg7 4. Bb2 O-O 5. Bg2 d6 6. d4 e5 7. dxe5 Nfd7 8.
O-O dxe5 9. e4 Nc6 10. Qe2 f5 11. Rd1 f4 12. Nc3 g5 13. Bh3 Nd4 14. Nxd4
exd4 15. Qc4+ Kh8 16. Rxd4 fxg3 17. Bf5 gxf2+ 18. Kf1 Qe8 19. Rad1 Nb6 20.
Qd3 Bxf5 21. exf5 Qe5 22. Ne2 c5 23. f6 Qxf6 24. Rh4 Qf5 25. Bxg7+ Kxg7 26.
Qg3 Kh8 27. Rh5 Rad8 28. Rxd8 Rxd8 29. Qxf2 Rf8 30. Qxf5 Rxf5+ 31. Kg2 Kg7
32. Rh3 Re5 33. Kf2 Nd5 34. c4 Rxe2+ 0-1

[Event "38th Olympiad"]
[Site "Dresden GER"]
[Date "2008.11.17"]
[Round "5"]
[White "Megaranto,S"]
[Black "Georgiev,Vl"]
[Result "1-0"]
[WhiteElo "2536"]
[BlackElo "2517"]
[EventDate "2008.11.13"]

1. e4 e5 2. Nf3 Nc6 3. Bb5 a6 4. Ba4 Nf6 5. O-O b5 6. Bb3 Bc5 7. c3 d6 8.
a4 Bg4 9. h3 Bxf3 10. Qxf3 Na5 11. Bc2 b4 12. d3 Rb8 13. Nd2 O-O 14. Re1
Qd7 15. Qd1 Qc6 16. Nf3 bxc3 17. bxc3 Rfe8 18. Bg5 Nd7 19. d4 Bb6 20. Qd3
Nf8 21. Rab1 Ng6 22. Be3 Qc4 23. Nd2 Qc6 24. Rec1 Qa8 25. Nc4 Nxc4 26. Qxc4
a5 27. Rb2 Rbd8 28. Rb5 h6 29. Rcb1 exd4 30. cxd4 Ne7 31. Qd3 Kf8 32. Bb3
Qc8 33. Rh5 d5 34. e5 Qe6 35. Bc2 Qg6 36. Qd1 Qc6 37. Bd3 Qd7 38. f4 Ng8
39. Qc1 g6 40. f5 Bxd4 41. Bxd4 gxh5 42. Qa3+ c5 43. Qxc5+ Qe7 44. f6 1-0

[Event "38th Olympiad"]
[Site "Dresden GER"]
[Date "2008.11.17"]
[Round "5"]
[White "Nedev,T"]
[Black "Irwanto,S"]
[Result "1-0"]
[WhiteElo "2525"]
[BlackElo "2441"]
[EventDate "2008.11.13"]

1. e4 e5 2. Nf3 Nc6 3. d4 exd4 4. Nxd4 Nf6 5. Nxc6 bxc6 6. e5 Qe7 7. Qe2
Nd5 8. c4 Ba6 9. b3 O-O-O 10. g3 g5 11. Bb2 Bg7 12. Nd2 Nb4 13. O-O-O Nxa2+
14. Kb1 Nb4 15. f4 Rhe8 16. Ne4 gxf4 17. gxf4 c5 18. Bg2 Bb7 19. Rhe1 Kb8
20. Qf2 Qf8 21. Nxc5 Bxg2 22. Ba3 Bc6 23. Bxb4 Qh8 24. Na6+ Kb7 25. Nxc7
Rg8 26. Nb5 Bxb5 27. cxb5 Bf8 28. Ba5 Be7 29. Re2 Qg7 30. Rc2 Qg6 31. f5
1-0

[Event "38th Olympiad"]
[Site "Dresden GER"]
[Date "2008.11.17"]
[Round "5"]
[White "Colovic,A"]
[Black "Purnama,T"]
[Result "1/2-1/2"]
[WhiteElo "2458"]
[BlackElo "2417"]
[EventDate "2008.11.13"]

1. d4 Nf6 2. c4 g6 3. g3 Bg7 4. Bg2 O-O 5. Nc3 d6 6. Nf3 Nc6 7. O-O Bf5 8.
Ne1 Bd7 9. Rb1 e6 10. e3 a6 11. Nd3 Re8 12. b4 d5 13. Qb3 Ne7 14. Ne5 dxc4
15. Qxc4 Ned5 16. Bb2 Nxc3 17. Qxc3 Nd5 18. Qb3 Bb5 19. Rfd1 Re7 20. a4 Be8
21. Nd3 Qd6 22. Ba3 Qb6 23. b5 Rd7 24. e4 Nf6 25. Bc5 Qa5 26. Ne5 axb5 27.
Nxd7 Nxd7 28. axb5 e5 29. Bf1 Qa4 30. Bc4 b6 31. Qxa4 Rxa4 32. Bb3 Ra7 33.
Bb4 exd4 34. Ra1 Rxa1 35. Rxa1 Bf8 36. Bxf8 Kxf8 37. Ra7 Nc5 38. Bc4 d3 39.
Kf1 d2 40. Ke2 Nxe4 41. Rxc7 Nxf2 42. Kxd2 Ne4+ 43. Ke1 Nd6 44. Kf2 Nxc4
45. Rxc4 Bxb5 46. Rb4 Bd7 47. Rxb6 Be6 48. Ke3 Kg7 49. Kf4 h5 50. Ke5 Ba2
51. Ra6 Bc4 52. Ra4 Bb3 53. Rb4 Ba2 54. Kd6 Be6 55. Ke7 Ba2 56. Ra4 Bb3 57.
Ra3 Bc4 58. Rc3 Ba2 59. Rc7 Bb3 60. Rb7 Ba2 61. Ra7 Bb3 62. Ra3 Bc4 63. Kd6
Be6 64. Ke5 Bc4 65. Ra4 Bb3 66. Rf4 Be6 67. Rb4 Ba2 68. h3 Be6 69. g4 hxg4
70. hxg4 Ba2 71. Ra4 Bb3 72. Rf4 Ba2 73. Rb4 Be6 74. Ra4 Bb3 75. Ra6 Bc4
76. Rb6 Ba2 77. Rb2 Bc4 78. Kd4 Be6 79. g5 Kf8 80. Kc5 Kg7 81. Re2 Bb3 82.
Re3 Ba2 83. Rf3 Be6 84. Ra3 Kf8 85. Kd6 Kg7 86. Ke7 Bc4 87. Re3 Ba2 88. Re2
Bb3 89. Rb2 Bc4 90. Rb6 Ba2 91. Ra6 Bb3 92. Rb6 Ba2 93. Rf6 Bb3 94. Ke8 Ba2
95. Kd7 Bb3 96. Kd6 Ba2 97. Kc5 Bb3 98. Kd4 Ba2 99. Rb6 Kf8 100. Ke5 Kg7
101. Kd4 Kf8 102. Ke5 Kg7 103. Kd4 Kf8 104. Ke5 Kg7 105. Kd4 Kf8 1/2-1/2

[Event "38th Olympiad"]
[Site "Dresden GER"]
[Date "2008.11.17"]
[Round "5"]
[White "Iturrizaga,E"]
[Black "Klasan,V"]
[Result "1-0"]
[WhiteElo "2538"]
[BlackElo "2326"]
[EventDate "2008.11.13"]

1. c4 Nf6 2. Nf3 c6 3. d4 d5 4. Nc3 dxc4 5. a4 Bf5 6. Ne5 Nbd7 7. Nxc4 Nb6
8. Ne5 a5 9. g3 e6 10. Bg2 Bb4 11. O-O O-O 12. e3 h6 13. Qe2 Bh7 14. Rd1
Nfd7 15. Nxd7 Nxd7 16. e4 Qe7 17. Be3 Rfd8 18. Rac1 Rac8 19. h3 Nf6 20. Bf4
Nd7 21. Be3 Nf6 22. Bf4 Nd7 23. Na2 e5 24. dxe5 Bc5 25. Qc2 b6 26. Qc3 g5
27. Be3 Bxe3 28. Qxe3 Qxe5 29. b4 Qb2 30. Rd2 Qf6 31. bxa5 bxa5 32. f4 gxf4
33. gxf4 Nf8 34. f5 Rxd2 35. Qxd2 Rb8 36. Rc3 Rd8 37. Rg3+ Kh8 38. Qxa5 Nd7
39. Rd3 Nb6 40. Qc3 1-0

[Event "38th Olympiad"]
[Site "Dresden GER"]
[Date "2008.11.17"]
[Round "5"]
[White "Georgiev,Ves"]
[Black "Alvarez Marquez,J"]
[Result "0-1"]
[WhiteElo "2372"]
[BlackElo "2430"]
[EventDate "2008.11.13"]

1. e4 c5 2. Nc3 Nc6 3. g3 g6 4. Bg2 Bg7 5. d3 d6 6. Be3 e5 7. Nge2 Nge7 8.
O-O O-O 9. Qd2 Rb8 10. Bh6 b5 11. Bxg7 Kxg7 12. f4 Nd4 13. Nc1 b4 14. Nd1
exf4 15. Rxf4 d5 16. Nb3 dxe4 17. Bxe4 Ne6 18. Rf2 a5 19. a4 f5 20. Bg2 Qc7
21. Ne3 Bb7 22. Re1 f4 23. Bxb7 Qxb7 24. Nxa5 Qc7 25. Ng2 fxg3 26. hxg3 Nd4
27. Nf4 g5 28. Ne6+ Nxe6 29. Rxe6 Ng6 30. Nc4 Qxg3+ 31. Rg2 Qh3 32. Qe2 Rf4
33. Rxg6+ Kxg6 34. Ne5+ Kg7 35. Rxg5+ Kf6 36. Rg2 Re8 37. Qd2 Qf5 38. Nd7+
Ke7 39. Rg7+ Kd8 40. Qd1 Re7 0-1

[Event "38th Olympiad"]
[Site "Dresden GER"]
[Date "2008.11.17"]
[Round "5"]
[White "Salov,S"]
[Black "Soto Paez,O"]
[Result "0-1"]
[WhiteElo "2269"]
[BlackElo "2396"]
[EventDate "2008.11.13"]

1. e4 c5 2. Nf3 e6 3. Nc3 a6 4. g3 b5 5. Bg2 Bb7 6. d4 cxd4 7. Nxd4 b4 8.
Na4 Nf6 9. O-O Bxe4 10. Bxe4 Nxe4 11. Re1 Nc5 12. Nxc5 Bxc5 13. Be3 Qb6 14.
Qf3 Ra7 15. c3 O-O 16. a3 bxc3 17. bxc3 Rb7 18. a4 d5 19. a5 Qc7 20. Qe2
Bd6 21. Rec1 Rc8 22. Ra4 Qd7 23. Qa2 h6 24. c4 e5 25. Ne2 d4 26. Bd2 Bc5
27. Re1 Qf5 28. Nc1 Nd7 29. Nb3 Rcb8 30. Ra1 0-1

[Event "38th Olympiad"]
[Site "Dresden GER"]
[Date "2008.11.17"]
[Round "5"]
[White "Rizouk,A"]
[Black "Leyva,H"]
[Result "0-1"]
[WhiteElo "2507"]
[BlackElo "2399"]
[EventDate "2008.11.13"]

1. e4 c5 2. Nf3 d6 3. d4 cxd4 4. Nxd4 Nf6 5. Nc3 a6 6. Bc4 e6 7. Bb3 Be7 8.
Bg5 Qa5 9. Qd2 h6 10. Bxf6 Bxf6 11. O-O-O O-O 12. Kb1 Qc7 13. f4 Rd8 14. f5
Bxd4 15. Qxd4 Nc6 16. Qe3 Ne5 17. Rhf1 b5 18. f6 Bb7 19. fxg7 Kxg7 20. Ne2
Rg8 21. Rf4 Qc5 22. Nd4 Kh7 23. Rdf1 Rg7 24. Qd2 Rag8 25. g3 Bc8 26. Nf3
Ng6 27. Rf6 Bb7 28. Nd4 Rf8 29. Bxe6 fxe6 30. Rxf8 Nxf8 31. Rxf8 Qe5 32.
Re8 Rg6 33. Re7+ Rg7 34. Rxe6 Qh5 35. Nf5 0-1

[Event "38th Olympiad"]
[Site "Dresden GER"]
[Date "2008.11.17"]
[Round "5"]
[White "Arias,Le"]
[Black "Sebih,K"]
[Result "1-0"]
[WhiteElo "2372"]
[BlackElo "2295"]
[EventDate "2008.11.13"]

1. d4 f5 2. g3 Nf6 3. Bg2 g6 4. Nf3 Bg7 5. O-O O-O 6. b4 d5 7. Bf4 a5 8. b5
c6 9. a4 Bd7 10. Qd3 Be8 11. Nbd2 Nbd7 12. c4 Nh5 13. cxd5 cxb5 14. Qxb5
Nxf4 15. gxf4 Qb8 16. e3 h6 17. Rab1 Ra7 18. h4 Kh7 19. Qd3 Nf6 20. Ne5 Qd8
21. Qb3 Nd7 22. Ndf3 Rf6 23. Nxd7 Qxd7 24. Ra1 Raa6 25. Ne5 Qd8 26. Rfc1
Rfb6 27. Qc2 Rb4 28. Nd3 Rbb6 29. Nc5 Ra8 30. Ne6 Qd6 31. h5 Bf6 32. Nc7
Rc8 33. Nxe8 Rxe8 34. Rab1 Rb4 35. Rxb4 axb4 36. hxg6+ Kxg6 37. Qc5 Ra8 38.
Qb5 Ra6 39. Qe8+ Kh7 40. Rc8 Bg7 41. Bf1 Ra5 42. Bb5 Qg6+ 43. Qxg6+ Kxg6
44. Rc4 e6 45. d6 Ra8 46. d7 Rd8 47. Rxb4 Bf6 48. Rc4 Rg8 49. Kh1 Bd8 50.
d5 Kf6 51. dxe6 Kxe6 52. Rc5 Rf8 53. Re5+ Kf7 54. Rxf5+ Ke7 55. Re5+ Kf7
56. Re8 1-0

[Event "38th Olympiad"]
[Site "Dresden GER"]
[Date "2008.11.17"]
[Round "5"]
[White "Goutali,T"]
[Black "Chavez,Ri"]
[Result "1-0"]
[WhiteElo "2225"]
[BlackElo "2226"]
[EventDate "2008.11.13"]

1. e4 g6 2. d4 Bg7 3. Nc3 d6 4. Be3 a6 5. a4 b6 6. Nf3 c5 7. Bc4 Nf6 8. e5
Ng4 9. Ng5 cxd4 10. Bxf7+ Kf8 11. Bxd4 dxe5 12. Be3 Qxd1+ 13. Rxd1 e6 14.
Bxb6 Nd7 15. Be3 Nb8 1-0

[Event "38th Olympiad"]
[Site "Dresden GER"]
[Date "2008.11.17"]
[Round "5"]
[White "Chavez,HE"]
[Black "Slimani,An"]
[Result "0-1"]
[WhiteElo "2202"]
[BlackElo "1956"]
[EventDate "2008.11.13"]

1. e4 e6 2. d4 d5 3. e5 c5 4. c3 Nc6 5. Nf3 Bd7 6. Bd3 cxd4 7. cxd4 Nb4 8.
Be2 Ne7 9. a3 Nbc6 10. h4 a6 11. h5 Qb6 12. g4 Na5 13. Nbd2 Bb5 14. b4 Nc4
15. Nb3 Ba4 16. Qd3 Nc6 17. Nc5 Bxc5 18. bxc5 Qa5+ 19. Kf1 Bb5 20. Qb1 Qa4
21. h6 g6 22. Ra2 N4a5 23. Bxb5 axb5 24. Qd3 Nc4 25. Re2 Nxa3 26. Kg2 Qc4
27. Qe3 Nc2 28. Rxc2 Qxc2 29. Qf4 Qe4 30. Qf6 Qxg4+ 31. Kf1 Ra1 32. Ke2
Nxd4+ 33. Ke3 Qe4+ 34. Kd2 Ra2+ 35. Kc3 Ne2+ 0-1

[Event "38th Olympiad"]
[Site "Dresden GER"]
[Date "2008.11.17"]
[Round "5"]
[White "Chang,E1"]
[Black "Al Hitmi,M"]
[Result "1-0"]
[WhiteElo "2056"]
[BlackElo "2161"]
[EventDate "2008.11.13"]

1. e4 c5 2. Nc3 Nc6 3. g3 g6 4. Bg2 Bg7 5. d3 d6 6. Be3 e6 7. Qd2 Nd4 8.
Nd1 Ne7 9. c3 Ndc6 10. Bh6 O-O 11. h4 Bxh6 12. Qxh6 f6 13. Ne2 Ne5 14. Qd2
Nf7 15. Ne3 Rb8 16. O-O b6 17. Rad1 Bb7 18. Nf4 Qd7 19. d4 cxd4 20. cxd4
Nd8 21. d5 e5 22. Bh3 Qa4 23. Ne6 Nxe6 24. Bxe6+ Kg7 25. f3 Ba6 26. Rfe1
Qe8 27. Rc1 Qd8 28. Rc3 Rb7 29. Rec1 Bb5 30. R1c2 Re8 31. Qc1 Bd7 32. Rc7
Rxc7 33. Rxc7 Bxe6 34. dxe6 Kg8 35. Nd5 Nxd5 36. exd5 a6 37. Qc6 1-0

[Event "38th Olympiad"]
[Site "Dresden GER"]
[Date "2008.11.17"]
[Round "5"]
[White "Mas,H"]
[Black "Mateo,Ra"]
[Result "1-0"]
[WhiteElo "2439"]
[BlackElo "2488"]
[EventDate "2008.11.13"]

1. e4 c5 2. Nf3 e6 3. d4 cxd4 4. Nxd4 a6 5. Bd3 g6 6. O-O Bg7 7. Nf3 d6 8.
c4 Nf6 9. Nc3 O-O 10. Bf4 Ng4 11. Be2 Ne5 12. Qd2 Nxf3+ 13. Bxf3 Be5 14.
Bh6 Re8 15. Rfd1 Nc6 16. Be2 Bd4 17. Bf1 Qb6 18. Rac1 f6 19. a3 Qb3 20. h4
Bc5 21. Qf4 Bd7 22. Rd3 Qxb2 23. Qxf6 Re7 24. Nb1 1-0

[Event "38th Olympiad"]
[Site "Dresden GER"]
[Date "2008.11.17"]
[Round "5"]
[White "Andreasen,Jo"]
[Black "Gemy,J"]
[Result "1-0"]
[WhiteElo "2179"]
[BlackElo "2200"]
[EventDate "2008.11.13"]

1. d4 Nf6 2. c4 e6 3. Nc3 d5 4. cxd5 exd5 5. Bg5 c6 6. e3 Qb6 7. Qc2 Ne4 8.
Bf4 Be6 9. Bd3 Nf6 10. Nf3 h6 11. h3 Nbd7 12. O-O Be7 13. a3 a5 14. Bh2 O-O
15. Na4 Qa7 16. Rac1 b5 17. Nc3 b4 18. axb4 axb4 19. Ne2 c5 20. dxc5 Nxc5
21. Ned4 Rfc8 22. Bf5 Nce4 23. Qe2 Bxf5 24. Nxf5 Bf8 25. Rfd1 Qa2 26. N5d4
Rc5 27. Rxc5 Nxc5 28. Nc6 Na4 29. Qd2 Nxb2 30. Rf1 Nc4 31. Qd3 Ra3 32. Qf5
b3 33. Qc8 Ra8 34. Qb7 b2 35. Be5 Ne4 36. Re1 Nxf2 37. Bxb2 Nxb2 38. Re2
Nfd1 39. Nfe5 d4 40. exd4 Re8 41. Rd2 Qd5 42. Ne7+ Rxe7 43. Qxd5 Nc3 44.
Qd8 Nba4 45. Nd7 Rxd7 46. Qxd7 Nb6 47. Qd8 1-0

[Event "38th Olympiad"]
[Site "Dresden GER"]
[Date "2008.11.17"]
[Round "5"]
[White "Damaso,R"]
[Black "Bouaziz,M"]
[Result "1-0"]
[WhiteElo "2424"]
[BlackElo "2203"]
[EventDate "2008.11.13"]

1. e4 c5 2. Nf3 Nc6 3. Bb5 Qb6 4. Nc3 e6 5. O-O Nge7 6. a4 a6 7. Bc4 Nd4 8.
Nxd4 cxd4 9. Ne2 Nc6 10. d3 Be7 11. f4 d6 12. f5 Ne5 13. Bb3 d5 14. Kh1
dxe4 15. dxe4 exf5 16. exf5 Bc5 17. Nf4 O-O 18. Nd5 Qd8 19. Qh5 Re8 20. Bg5
Qd6 21. Rae1 Kh8 22. Bf4 Bd7 23. Bg3 f6 24. Nf4 h6 25. Ng6+ Kh7 26. Nxe5
fxe5 27. Rxe5 Rxe5 28. Bxe5 Qb6 29. Qf7 1-0

[Event "38th Olympiad"]
[Site "Dresden GER"]
[Date "2008.11.17"]
[Round "5"]
[White "Laouini,Sa"]
[Black "Dias,P"]
[Result "0-1"]
[WhiteElo "2209"]
[BlackElo "2406"]
[EventDate "2008.11.13"]

1. d4 Nf6 2. c4 e6 3. g3 d5 4. Bg2 dxc4 5. Nf3 a6 6. O-O Nc6 7. Nc3 Rb8 8.
e4 Be7 9. d5 exd5 10. exd5 Nb4 11. Ne5 Bf5 12. Qf3 Qc8 13. Bf4 O-O 14. a3
Nd3 15. Nxc4 Nxf4 16. Qxf4 Bh3 17. d6 cxd6 18. Nxd6 Bxd6 19. Qxd6 Rd8 20.
Qf4 Bxg2 21. Kxg2 Qc6+ 22. Kg1 Qb6 23. b4 Qd4 24. Qxd4 Rxd4 25. Rfd1 Rbd8
26. Rxd4 Rxd4 27. Rd1 Rxd1+ 28. Nxd1 Kf8 29. Kf1 Ke7 30. Ke2 Kd6 31. Kd3 g5
32. h3 Nd7 33. f4 gxf4 34. gxf4 Nf6 35. Kd4 Nh5 36. Ke4 Ng3+ 37. Kf3 Nf5
38. Ke4 Ke6 39. Nc3 Nd6+ 40. Kd4 Nb5+ 41. Nxb5 axb5 42. Ke4 f5+ 43. Kd4 Kd6
44. h4 h5 0-1